000 00501nam a2200181Ia 4500
005 20250508152516.0
008 008 250505s9999 xx 000 0 hin d
037 _aTextual
040 _aFEDL
_beng
_cFEDL
041 _ahin
_2eng
084 _a891.431, DIN
_qFEDL
100 _aDinkar Ramdhari Singh
_9393732
245 0 _aPant Prasad aur Methalisharan
260 _aPatna, India
_bUdayachal
_c1958
300 _a144p.
942 _cTEXL
_h891.431, DIN
999 _c1336890
_d1336890